00347nam a2200121Ia 4500008004100000020002200041041000800063082002400071100001800095245006700113260003600180300000900216230519s9999 xx 000 0 und d a978-93-81390-62-7 aeng aAD/610.7/CHA/DB0113 aChanda Eshita aExamination Master in Communication and Educational Technology bS Vikas and CoaJalandharc2012 a108p